UM Logo

Karate made easy / (Record no. 23777)

MARC details
000 -LEADER
fixed length control field 00549nam a22001697a 4500
005 - DATE AND TIME OF LATEST TRANSACTION
control field 20260129085242.0
008 - FIXED-LENGTH DATA ELEMENTS--GENERAL INFORMATION
fixed length control field 250916b |||||||| |||| 00| 0 eng d
020 ## - INTERNATIONAL STANDARD BOOK NUMBER
International Standard Book Number 9788172450878
082 ## - DEWEY DECIMAL CLASSIFICATION NUMBER
Classification number DC 796.8153 C817 [2024].
100 ## - MAIN ENTRY--PERSONAL NAME
Personal name Corrigan, Ralph.
9 (RLIN) 67495
245 ## - TITLE STATEMENT
Title Karate made easy /
Statement of responsibility, etc. Ralph Corrigan.
260 ## - PUBLICATION, DISTRIBUTION, ETC. (IMPRINT)
Place of publication, distribution, etc. India :
Name of publisher, distributor, etc. Goodwill Publishing House.
Date of publication, distribution, etc. [2024].
300 ## - PHYSICAL DESCRIPTION
Extent 96 pages :
Other physical details illustrations ;
Dimensions 21 cm.
650 #0 - SUBJECT ADDED ENTRY--TOPICAL TERM
Topical term or geographic name as entry element Karate
General subdivision Juvenile literature.
9 (RLIN) 67618
650 #0 - SUBJECT ADDED ENTRY--TOPICAL TERM
Topical term or geographic name as entry element Martial arts
General subdivision Juvenile literature.
9 (RLIN) 67619
942 ## - ADDED ENTRY ELEMENTS (KOHA)
Source of classification or shelving scheme Dewey Decimal Classification
Koha item type Circulation
Holdings
Withdrawn status Lost status Source of classification or shelving scheme Damaged status Not for loan Collection code Home library Current library Date acquired Source of acquisition Cost, normal purchase price Total Checkouts Full call number Barcode Date last seen Price effective from Koha item type
    Dewey Decimal Classification     Circulation UM Digos College - LIC UM Digos College - LIC 08/11/2025 Purchased 500.00   DC 796.8153 C817 [2024] 28808 09/16/2025 09/16/2025 Circulation